| 000 | 00491nam a22001817a 4500 | ||
|---|---|---|---|
| 003 | MPLRDC | ||
| 005 | 20220104165434.0 | ||
| 008 | 210129b ||||| |||| 00| 0 eng d | ||
| 082 | _a050.1 RD v.6 2005 | ||
| 100 | _aPETER DOCKRILL | ||
| 245 |
_aREADER'S DIGEST. JUNE 2005 _c |
||
| 250 | _a初版 | ||
| 260 |
_a _bREADER'S DIGEST ASIA LTD _c2005 |
||
| 300 | _b平 | ||
| 490 | _aVOLUME 85; NO. 507 | ||
| 650 | _a连续性出版品; 期刊--READER'S DIGEST | ||
| 942 |
_cBK _o050.1 RD v.6 2005 |
||
| 999 |
_c57448 _d57438 |
||